000 01661cam a22001934a 4500
005 20250605164038.0
008 250528s ||||||||||||||||||||||||d
035 _a16882
020 _a960431873
040 _aGR-AtMCL
_bgre
_dGR-AtMCL
_eAACR2
245 1 _aΕισαγωγή στο Διαφορικό Λογισμό Συναρτήσεων Πολλών Μεταβλητών / 200 Λυμένες, 350 - Άλυτες Ασκήσεις
260 _bΖήτη,
_c2004
300 _a310
520 _aΠεριέχει 200 λυμένες ασκήσεις και προβλήματα με εφαρμογές από τις Φυσικές Επιστήμες. Περιλαμβάνει επίσης 350 ασκήσεις και προβλήματα προς λύση. Ένα χρήσιμο βοήθημα για τους φοιτητές των Θετικών Επιστημών. Η Τοπολογία του Χώρου Rn, Γεωμετρική Παράσταση Συναρτήσεων Πολλών Μεταβλητών, Όρια και Συνέχεια Συναρτήσεων Πολλών Μεταβλητών, Μερικές Παράγωγοι και Διαφορικά Συναρτήσεων Πολλών Μεταβλητών, Σύνθετες και Πλεγμένες Συναρτήσεις, Στοιχεία Διανυσματικής Ανάλυσης, Γεωμετρικές Εφαρμογές των Μερικών Παραγώγων, Άκρες Τιμές Συναρτήσεων Πολλών Μεταβλητών, Βιβλιογραφία.
700 1 _aΚαρανικόλας Νικόλαος Δ
_92971
942 _cBK
999 _c2333
_d2333